| 000 | 00617nam a2200181Ia 4500 | ||
|---|---|---|---|
| 008 | 151018s9999 xx 000 0 und d | ||
| 082 |
_bRBASDV15489 _a500 |
||
| 100 | _aगो रा केळकर | ||
| 245 | _aव्यवहारात विज्ञान पहा | ||
| 250 | _b1 | ||
| 260 |
_bअनिरुद्ध _c1981 |
||
| 300 | _a116 | ||
| 600 | _aगो रा केळकर | ||
| 630 | _aव्यवहारात विज्ञान पहा | ||
| 700 | _aगो रा केळकर | ||
| 730 | _aव्यवहारात विज्ञान पहा | ||
| 942 | _cBOOK | ||
| 999 |
_c1016216 _d1016213 |
||